000 00887nmc a2200313 a 4500
003 AR-BaBNM
005 20251128205102.0
008 011101s1996 ||||||||||||||000 | spa||
020 _a84-493-0216-1
040 _cAR-BaBNM
100 1 _aLuhmann, Niklas
245 1 0 _aTeoría de la sociedad y pedagogía
250 _a1ª ed.
260 _aBarcelona
_bPaidós
_c1996
300 0 _a158 p.
490 0 _aPaidós educador
_vv. 119
504 _aContiene bibliografía en notas a pie de página
650 4 _aPEDAGOGIA
650 4 _aTEORIAS DE LA EDUCACION
650 4 _aTECNOLOGIA
650 4 _aHISTORIA DE LA EDUCACION
650 4 _aORGANIZACION DE LA EDUCACION
650 4 _aFINALIDADES DE LA EDUCACION
700 1 _aFortea, Carlos
_etraductor
700 1 _aMèlich, Joan-Carles
_eprologuista
700 1 _aFortea, Carlos
_etraductor
942 _cBK
998 _cSILVI
999 _c9931
_d9931